| 000 | 01167cab a2200301 4500 | ||
|---|---|---|---|
| 001 | WB3034-04 | ||
| 008 | 090401t1994 xxu||||| |||| 00| 0 eng d | ||
| 035 | _a(Sirsi) u46925 | ||
| 041 | _aeng | ||
| 245 | _aInquiry into public sector building costs | ||
| 260 | _c1994 | ||
| 350 | _a0 | ||
| 490 |
_aFinancial Times _v12 September 1994, 16 |
||
| 490 |
_aDaily Telegraph _v13 September 1994, 5 |
||
| 490 |
_aRICS Press Release _v(PR149/94cons) 13 September 1994 |
||
| 490 |
_aCabinet Office News Release _v(OPSS 161/94) 13 September 1994 (8) |
||
| 520 | _aThe government is to announce a wide-ranging inquiry into construction ordering by government departments and agencies after a series of Whitehall building scandals such as the British Library, where the first phase cost more than double the original estimate. | ||
| 650 | _aBRITISH LIBRARY | ||
| 650 | _aBUILT ENVIRONMENT-BUILDING COSTS | ||
| 650 | _aCABINET OFFICE EFFICIENCY UNIT | ||
| 650 | _aGOVERNMENT BUILDINGS | ||
| 650 | _aProcurement-old | ||
| 650 | _aPUBLIC SECTOR BUILDING PROJECTS | ||
| 650 | _aTRIDENT BASE | ||
| 690 | _aBUILT ENVIRONMENT | ||
| 942 | _n0 | ||
| 948 | _c04/03/1997 | ||
| 999 |
_c29607 _d29607 |
||